| 000 | 00501nam a22001817a 4500 | ||
|---|---|---|---|
| 003 | CEME | ||
| 005 | 20210628202621.0 | ||
| 008 | 210210b xxu||||| |||| 00| 0 eng d | ||
| 020 | _a0-521-63636-1 | ||
| 040 | _c. | ||
| 082 | _a531.1101515 JOS | ||
| 100 |
_aSaletan, Eugene.J,Jose, Jorge.W _960758 |
||
| 245 | _aClassical dynamics a contemporary approach | ||
| 260 |
_aNEW YORK _bCAMBRIDGE UNIVERSITY PRESS _c2002 |
||
| 300 | _aXXV,670P | ||
| 650 |
_aMECHANICS, ANALYTIC _939816 |
||
| 942 |
_cBK _2ddc |
||
| 999 |
_c570408 _d570408 |
||